| 000 | 00794cam a2200193 4500 | ||
|---|---|---|---|
| 001 | WS123992 | ||
| 008 | 031023c2023 000 0 eng eng d | ||
| 035 | _a(Sirsi) u123992 | ||
| 110 |
_aChina National Association of Engineering Consultants _94532 |
||
| 245 | _aChina National Association of Engineering Consultants | ||
| 520 | _aWeb site for this Chinese organisation for engineering consultants set up under the Ministry of Civil Affairs. Includes details of their training centre and the Beijing Arbitration Commission. | ||
| 650 | _aINTERNATIONAL | ||
| 650 | _aCHINA | ||
| 650 | _aORGANISATION | ||
| 650 | _aENGINEERING CONSULTANTS | ||
| 690 | _aBUILT ENVIRONMENT | ||
| 856 | 4 | 0 |
_uhttps://www.cnaec.com.cn/ _zView the website free of charge at www.cnaec.org.cn... |
| 942 |
_n0 _2ddc |
||
| 999 |
_c120328 _d120328 |
||